000 00611cam a22002053a 4500
001 44386
003 PGUSA
005 20140828084020.0
008 131208s2013||||xxu|||||s|||||000 | eng d
040 _aPGUSA
_beng
042 _adc
100 1 _aPanizza, Oskar,
_d1853-1921
245 1 0 _aDas Liebeskonzil :
_bEine Himmels-Tragödie in fünf Aufzügen
_h[electronic resource] /
_cOskar Panizza
260 _bProject Gutenberg,
_c2013
506 _aPublic domain in the USA.
516 _aElectronic text
830 0 _aProject Gutenberg
_v44386
856 4 0 _uhttp://www.gutenberg.org/ebooks/44386
942 _cEB
999 _c273637
_d273637